<?xml version="1.0" encoding="UTF-8"?>
<record
    xmlns:xsi="http://www.w3.org/2001/XMLSchema-instance"
    xsi:schemaLocation="http://www.loc.gov/MARC21/slim http://www.loc.gov/standards/marcxml/schema/MARC21slim.xsd"
    xmlns="http://www.loc.gov/MARC21/slim">

  <leader>00830nam a2200193   4500</leader>
  <controlfield tag="003">LK-CoMWRAF</controlfield>
  <controlfield tag="005">20240126103656.0</controlfield>
  <controlfield tag="008">231217b        |||||||| |||| 00| 0 eng d</controlfield>
  <datafield tag="020" ind1=" " ind2=" ">
    <subfield code="a">9789551274382</subfield>
  </datafield>
  <datafield tag="040" ind1=" " ind2=" ">
    <subfield code="a">LK-CoMWRAF</subfield>
    <subfield code="d">LK-CoMWRAF</subfield>
    <subfield code="e">LK-CoMWRAF</subfield>
  </datafield>
  <datafield tag="041" ind1=" " ind2=" ">
    <subfield code="a">sin</subfield>
  </datafield>
  <datafield tag="082" ind1=" " ind2=" ">
    <subfield code="a">305.42</subfield>
    <subfield code="b">DAS</subfield>
  </datafield>
  <datafield tag="245" ind1=" " ind2=" ">
    <subfield code="a">&#xDAF;&#xDC1;&#xD9A; &#xDAF;&#xDD9;&#xD9A;&#xD9A; &#xDBA;&#xDD4;&#xDAF;&#xDCA;&#xDB0;&#xDBA;&#xD9A;&#xDCA; &#xDC0;&#xDC3;&#xDBB; &#xDB4;&#xDC4;&#xD9A; &#xDC3;&#xDA7;&#xDB1;&#xDCA; &#xDC0;&#xDD2;&#xDBB;&#xDCF;&#xDB8;&#xDBA;&#xD9A;&#xDCA; : &#xDB8;&#xDD3;&#xDC5;&#xD9F;&#xDA7; &#xD9A;&#xDD4;&#xDB8;&#xD9A;&#xDCA;&#xDAF;?</subfield>
  </datafield>
  <datafield tag="246" ind1=" " ind2=" ">
    <subfield code="a">Dashaka dekaka yuddhayak vasara pahaka sa&#x1E6D;an viramayak : mee&#x1E37;anga&#x1E6D;a kumakda? &#x200B;</subfield>
  </datafield>
  <datafield tag="260" ind1=" " ind2=" ">
    <subfield code="a">&#xD9A;&#xDDC;&#xDC5;&#xDB9; : </subfield>
    <subfield code="b">&#xDC1;&#xDCA;&#x200D;&#xDBB;&#xDD3; &#xDBD;&#xD82;&#xD9A;&#xDCF; &#xDA2;&#xDCF;&#xDAD;&#xDD2;&#xD9A; &#xDC3;&#xDB8; &#xDB8;&#xDAB;&#xDCA;&#xDA9;&#xDBD;&#xDBA;,</subfield>
    <subfield code="c">2008</subfield>
  </datafield>
  <datafield tag="650" ind1=" " ind2=" ">
    <subfield code="a">&#xDBA;&#xDD4;&#xDAF;&#xDCA;&#xDB0;&#xDBA;--&#xDC3;&#xDA7;&#xDB1;&#xDCA; &#xDC0;&#xDD2;&#xDBB;&#xDCF;&#xDB8;&#xDBA;</subfield>
  </datafield>
  <datafield tag="700" ind1=" " ind2=" ">
    <subfield code="a">&#xDC0;&#xDD2;&#xDAD;&#xDCF;&#xDB1;&#xD9C;&#xDDA;, &#xDAD;&#xDD4;&#xDC2;&#xDBD;&#xDCA; &#xDB0;&#xDB8;&#xDCA;&#xDB8;&#xDD2;&#xD9A; </subfield>
    <subfield code="e">comp.</subfield>
  </datafield>
  <datafield tag="942" ind1=" " ind2=" ">
    <subfield code="c">BK</subfield>
  </datafield>
  <datafield tag="952" ind1=" " ind2=" ">
    <subfield code="0">0</subfield>
    <subfield code="1">0</subfield>
    <subfield code="4">0</subfield>
    <subfield code="7">0</subfield>
    <subfield code="a">MAIN</subfield>
    <subfield code="b">MAIN</subfield>
    <subfield code="d">2023-12-17</subfield>
    <subfield code="l">0</subfield>
    <subfield code="o">305.42 DAS</subfield>
    <subfield code="p">RAF4889</subfield>
    <subfield code="r">2023-12-17</subfield>
    <subfield code="w">2023-12-17</subfield>
    <subfield code="y">BK</subfield>
  </datafield>
  <datafield tag="999" ind1=" " ind2=" ">
    <subfield code="c">4494</subfield>
    <subfield code="d">4494</subfield>
  </datafield>
</record>
